Canadian Provinces and their Capitals - Statistics

General Stats
  • This quiz has been taken 23 times
  • The average score is 7 of 13
Answer Stats
Province or Territory, Capital % Correct
Ontario, Toronto
83%
Quebec, Quebec City
75%
British Columbia, Victoria
67%
Saskatchewan, Regina
67%
Alberta, Edmonton
58%
Manitoba, Winnipeg
58%
Yukon, Whitehorse
58%
Nova Scotia, Halifax
50%
Newfoundland and Labrador, St. John's
42%
Nunavut, Iqaluit
42%
New Brunswick, Fredericton
33%
Northwest Territories, Yellowknife
33%
Prince Edward Island, Charlottetown
17%
No matching quizzes found
Score Distribution
Percent of People with Each Score
Percentile by Number Answered
Your Score History
You have not taken this quiz